Les majorats littéraires (Record no. 162629)
[ view plain ]
| 000 -LEADER | |
|---|---|
| campo de control de longitud fija | 00672nam a2200181 i 4500 |
| 001 - NÚMERO DE CONTROL | |
| campo de control | 162629 |
| 003 - IDENTIFICADOR DE NÚMERO DE CONTROL | |
| campo de control | ES-MaACL |
| 005 - FECHA Y HORA DE LA ÚLTIMA TRANSACCIÓN | |
| campo de control | 20250729014428.0 |
| 008 - DATOS DE LONGITUD FIJA--INFORMACIÓN GENERAL | |
| campo de control de longitud fija | 990706s1862 be |||| | fre d |
| 040 ## - FUENTE DE CATALOGACIÓN | |
| Centro catalogador/agencia de origen | CCPB | B |
| Lengua de catalogación | spa |
| Centro/agencia transcriptor | CCPB | B |
| 100 1# - ENTRADA PRINCIPAL--NOMBRE DE PERSONA | |
| Nombre de persona | Proudhon, Pierre-Joseph. |
| 9 (RLIN) | 94052 |
| 245 14 - MENCIÓN DEL TÍTULO | |
| Título | Les majorats littéraires |
| Resto del título | : examen d'un project de loi avant pour but de créer au profit des auteurs ... / |
| Mención de responsabilidad, etc. | par P. -J. Proudhon. |
| 260 ## - PUBLICACIÓN, DISTRIBUCIÓN, ETC. | |
| Lugar de publicación, distribución, etc. | Bruxelles : |
| Nombre del editor, distribuidor, etc. | A. Lacroix, Verboeckhoven et C\pie\s, Éditeur, |
| Fecha de publicación, distribución, etc. | 1862. |
| 300 ## - DESCRIPCIÓN FÍSICA | |
| Extensión | 166 p. ; |
| Dimensiones | 18 cm. |
| 650 07 - PUNTO DE ACCESO ADICIONAL DE MATERIA--TÉRMINO DE MATERIA | |
| Término de materia o nombre geográfico como elemento de entrada | Propiedad intelectual |
| Fuente del encabezamiento o término | embne |
| 9 (RLIN) | 16488 |
| 852 ## - LOCALIZACIÓN | |
| Ubicación | ES-MaACL |
| Número de control de estantería | G-8547(2) |
| Nota libre | -- Enc. hol. |
| Estatus retirado | Estado de pérdida | Estado de daño | No para préstamo | Colección | Biblioteca de origen | Biblioteca actual | Ubicación en estantería | Fecha de adquisición | Fuente de adquisición | Total de préstamos | Signatura topográfica completa | Código de barras | Visto por última vez | Precio de reemplazo | Tipo de ítem Koha |
|---|---|---|---|---|---|---|---|---|---|---|---|---|---|---|---|
| Libros del s. XIX | Biblioteca del Ateneo de Madrid | Biblioteca del Ateneo de Madrid | Sala Pecera Planta 3 | 17/01/2008 | G-8547(2) | 1170377 | 23/02/2023 | 23/02/2023 | Libro impreso antiguo |
